00305nam a2200145Ia 45000030006000000080041000060400015000471000016000622450021000782500006000992600017001053000006001225460014001280050017001420STCL150530s9999 xx 000 0 und d aSTCLcSTCL aAvara, M.O. aAmrithabindukkal a1 bAuthorc1991 a0 aMalayalam20220125171728.0